Избрани преводи (Запис номер 188423)
[ съкратено ]
| 000 -Лидер | |
|---|---|
| Контролно поле с фиксирана дължина | 01257nam a2200313 c 4500 |
| 003 - Код на организацията, давaща контролен номер | |
| Контролно поле | BLK |
| 005 - Дата и час на последна редакция | |
| Контролно поле | 20200826083440.0 |
| 008 - Елементи от данни с фиксирана дължина | |
| fixed length control field | 180411b bul|||||r ||||||| ||bul|| |
| 010 ## - Наследен системен номер | |
| LC control number | KNG00197441000 |
| 040 ## - Източник на каталожния запис | |
| Идентификатор на билиотеката - собственик на записа | BLK |
| 041 ## - Код за език | |
| Код за езика на текст/звукозапис или на отделно заглавие | Български |
| Код за езика КДБФ | Български |
| 080 ## - УДК | |
| Текстов определител УДК | Руска литература |
| УДК код - определител по УДК | 821.161.1 |
| УДК определител | -1 |
| УДК - код + определител | 821.161.1-1 |
| 080 ## - УДК | |
| Текстов определител УДК | Литература на отделни езици и езикови семейства |
| УДК код - определител по УДК | 821 |
| УДК определител | -1 |
| УДК - код + определител | 821-1 |
| 100 1# - Редна дума - Автор | |
| Автор | Фурнаджиев, Никола Йорданов |
| Авторска отговорност | първи автор |
| R(LIN) | 372516 |
| 139 ## - Редно поле | |
| Редна дума | Фурнаджиев, Никола Йорданов |
| Авторски знак | Фур - Ф 94 |
| 245 10 - Сведения за заглавието | |
| Заглавие | Избрани преводи |
| Редно поле (дума) | Никола Йорданов Фурнаджиев; с предг. от Иван Димитров Сестримски. |
| 257 ## - Страна на издаване | |
| Страна на създаване/издаване | България |
| 260 ## - Област на издателските данни | |
| Място на издаване, разпространение и проч. | София |
| Име на издателя, разпространителя и проч. | Нар. култура |
| Година на издаване | 1983 |
| 300 ## - Физическа характеристика | |
| Страници | 267 с. |
| Илюстрации и др. | 1 л. портр. |
| Размери/Мащаб | 18 см |
| 380 ## - Жанр | |
| Жанр | Худож. лит. |
| 490 ## - СЕРИИ (Колекции) | |
| Име на серия | Български преводачи |
| 9 (RLIN) | 205664 |
| 500 ## - Общи забележки | |
| Забележка | 2 125 тир. |
| 700 1# - Други автори (авторска отговорност) | |
| Лично име | Сестримски, Иван Димитров |
| Автороска отговорност (Описва отношението между автора и произведението) | с предг. от |
| 9 (RLIN) | 364596 |
| 852 ## - Местоположение | |
| Форматна сигнатура | Цб І 20479 |
| 856 4# - Електронен адрес и достъп | |
| Електронен формат | pdf - файл |
| 856 4# - Електронен адрес и достъп | |
| Електронен формат | pdf - файл |
| 999 ## - СИСТЕМНИ КОНТРОЛНИ НОМЕРА | |
| Koha biblionumber | 188423 |
| Koha biblioitemnumber | 188423 |
| 942 ## - АРТИКУЛИ | |
| Вид на библиотечния материал | Книги |
| Скрит в OPAC | Не |
| Периодичен библиозапис | Да |
| 944 ## - СЪЗДАВАНЕ И РЕДАКЦИЯ на ЗАПИСА | |
| Създаване/Редакция | Създаване |
| Дата на регистрацията/редакция | 05.12.2016 |
| Служител, извършил регистрацията/редакцията | Кети_Илиева |
| 944 ## - СЪЗДАВАНЕ И РЕДАКЦИЯ на ЗАПИСА | |
| Създаване/Редакция | Редакция |
| Дата на регистрацията/редакция | 05.12.2016 |
| Служител, извършил регистрацията/редакцията | Кети_Илиева |
| 999 ## - СИСТЕМНИ КОНТРОЛНИ НОМЕРА | |
| Koha biblioitemnumber | 188423 |
| Код за отписване | Код за изгубен артикул | Източник на класификационната схема | Код за повреда | Коз за рестрикции | Код за отдаване | Артикулен № | Име на библиотеката - собственик | Име на библиотеката, в която се намира в момента | Статус (Текущо местоположение) | Дата на вписване в системата | Местоположение - отдел | Цена в лева | Инвентарен номер | Систематично азбучна сигнатура | Баркод | Номер на екземпляра | Цена в евро | Служебна бележка | Служебен тип на артикула |
|---|---|---|---|---|---|---|---|---|---|---|---|---|---|---|---|---|---|---|---|
| Не е изгубен | Universal Decimal Classification | Не е повреден | без рестрикции | ползва се в читалня | 330573 | Регионална библиотека "Любен Каравелов" Русе | Регионална библиотека "Любен Каравелов" Русе | Хранилище | 1983-01-01 | Хранилище | 1.59 | 379441 | Цб І 20479 | 120000379441 | 1 | 0.81 | Вид: Сф Дата: 01.01.1983 | Книги | |
| Изтеглен | Не е изгубен | Universal Decimal Classification | Не е повреден | без рестрикции | заемане за дома | 330574 | Регионална библиотека "Любен Каравелов" Русе | Регионална библиотека "Любен Каравелов" Русе | Заемна - подръчен фонд | 1983-01-01 | Заемна - подръчен фонд | 1.59 | 379758 | П 882-1/Ф 94 | 379758 | 2 | 0.81 | Вид: Сф Дата: 01.01.1983 Дата инв: 09.02.2018 Бележки инв: П2018 | Книги |